000 00380nam a2200157Ia 4500
008 230917s9999||||xx |||||||||||||| ||und||
040 _e78484
_aMAIN
041 _aEnglish
082 _a340.1 M528O
100 _aMenon, K Krishna
245 0 _aOutline of jurisprudence
250 _a3rd ed.
260 _aBombay
_bAsia Publishing House
_c1961
300 _a232 p.
942 _cBK
999 _c38733
_d38733